| 000 | 00836nas a2200277 4500 | ||
|---|---|---|---|
| 001 | BR0205330 | ||
| 003 | BR-BrBNA | ||
| 005 | 20231205103337.0 | ||
| 007 | ta | ||
| 008 | 230509b bl.|||p| |||| 00| 00por d | ||
| 040 |
_aBR-BrBNA _bpor _cBiblioteca Nacional de Agricultura |
||
| 041 | _a(Pt) | ||
| 072 | _aQ04 | ||
| 100 | 1 | _aSalvador, M. | |
| 100 | 1 | _aSanta, P.D. | |
| 245 | 1 | _aTeores de macronutrientes e de colesterol em diferentes tipos de ovos | |
| 650 | _aOVO | ||
| 650 | _aVALOR NUTRITIVO | ||
| 650 | _aCOLESTEROL | ||
| 650 | _aPROTEÍNA | ||
| 650 | _aLIPÍDIO | ||
| 650 | _aANÁLISE ESTATÍSTICA | ||
| 773 | 0 |
_tBoletim do Centro de Pesquisa e Processamento de Alimentos (Brazil) _xISSN 0102-0323 _g(Jan-Jun 2002), v. 20(1) p. 133-140 _wBR0205330 |
|
| 909 |
_a202311 _bLúcia _c55 _dLúcia Elande |
||
| 942 |
_2AGRIS _n0 _cANA |
||
| 999 |
_c172362 _d172362 |
||